[Event "EU-ch 11th"]
[Site "Rijeka"]
[Date "2010.03.07"]
[Round "2"]
[White "Riazantsev, Alexander"]
[Black "Damljanovic, Branko"]
[Result "1-0"]
[WhiteElo "2660"]
[BlackElo "2550"]
[Annotator "Mikhalchishin,A"]
[PlyCount "51"]
[EventDate "2010.03.06"]
[EventType "swiss"]
[EventRounds "11"]
[EventCountry "CRO"]
[SourceTitle "CBM 136"]
[Source "ChessBase"]
[SourceDate "2010.05.18"]
[SourceVersion "1"]
[SourceVersionDate "2010.05.18"]
[SourceQuality "1"]

1. d4 Nf6 2. c4 g6 3. g3 Bg7 4. Bg2 O-O 5. Nf3 d6 6. O-O Nbd7 7. Nc3 e5 8. b3 {
Up to now it has not been clear, what is the strongest move here.} ({Some top
specialists, like IGM Predrag Nikolic, prefer here} 8. Rb1) ({But of course,
thousands of games have been played in the main line} 8. e4) ({There exists
another approach - not to move one's own pawn to e4, avoiding the weakness of
it. But in that case Black will obtain reasonable counterplay in the centre
after d6-d5. It is important to see the correct way for Black, as in the game
he reacted wrongly to a similar plan by his opponent.} 8. e3 Re8 9. b3 c6 10.
Bb2 e4 11. Nd2 d5 12. b4 (12. f3 exf3 13. Qxf3 dxc4 14. Nxc4 Nb6 15. Ne5 Be6
16. h3 a5 17. Nd3 Nbd5 18. Nf4 Nxc3 19. Bxc3 Bf5 20. d5 Be4 21. Qf2 cxd5 22.
Rad1 Bxg2 23. Bxf6 Qxf6 24. Kxg2 Rac8 25. Nxd5 {1/2 Murshed,N (2409)-Ganguly,S
(2654)/Kolkata IND 2009 (55). The knight d5 compensates for weakness of the
pawn on e3.}) 12... Nf8 13. b5 h5 14. Qa4 Bd7 15. Qb3 Be6 16. Rfc1 h4 17. Ba3
hxg3 18. hxg3 Ng4 19. bxc6 bxc6 20. Qb7 Qf6 21. Nd1 Rec8 22. Nb3 Nh7 23. cxd5
cxd5 24. Be7 Qf5 25. Rxc8+ Rxc8 26. Nc5 {1/2 Brunello,S (2507)-Caruana,F (2652)
/Reggio Emilia ITA 2010/CT-3347 (49). White has a better position, thanks to
the knight on c5.}) 8... Re8 ({It is clearly premature to give up the centre,
as White is able to build up a very smart structure with the pawn on e3:} 8...
exd4 9. Nxd4 Nc5 10. Bb2 a5 11. Qc2 c6 12. e3 Qb6 13. Rfd1 a4 14. Rab1 axb3 15.
axb3 h5 16. h3 Re8 17. Bc1 Nh7 18. b4 Ne6 (18... Na6 19. b5 $16) 19. Nxe6 Bxe6
20. Rxd6 Bxc4 21. Nd5 Bxd5 22. Bxd5 Nf6 23. Rxf6 Bxf6 24. Qxg6+ Bg7 25. Bb2 {
1-0 Chadaev,N (2568)-Erturan,Y (2372)/Budva MNE 2009}) 9. Qc2 ({Here the move
order is not so important:} 9. Bb2 c6 10. Qc2 a6 11. dxe5 {Generally speaking
- this limits his own central possibilities. Any other decision seems to give
more chances - even d4-d5.} dxe5 12. Rfd1 Qc7 13. Ng5 Nc5 14. Ba3 Bf8 15. Nge4
Ncxe4 16. Nxe4 Nxe4 17. Bxf8 Rxf8 18. Bxe4 Be6 19. Rd2 a5 20. Rad1 Rfd8 21. a4
Rxd2 22. Qxd2 Qb6 23. Bc2 Qc5 24. h4 Kg7 25. h5 b5 26. axb5 cxb5 27. Be4 Rc8
28. Qxa5 bxc4 29. Qxc5 Rxc5 30. bxc4 Rxc4 31. Bd5 {1/2 Burmakin,V (2599)
-Amonatov,F (2643)/Ulan Ude RUS 2009}) 9... a6 (9... Qe7 10. dxe5 (10. e3 {
seems to be the right decision.}) 10... dxe5 11. a4 Nc5 12. Ba3 e4 13. Nd4 c6
14. b4 (14. e3 {once more was better.}) 14... Ne6 15. Nb3 Ng5 16. b5 Qe5 17.
Rad1 Nh3+ 18. Kh1 Nxf2+ (18... e3 $1 {was stronger and led to Black's
advantage.}) 19. Rxf2 Ng4 20. Nxe4 Bf5 21. Rf4 Ne3 22. Qd2 Nxg2 23. Kxg2 Bxe4+
24. Kg1 {Sapis,W (2445)-Petrosian,A (2480)/Lvov 1988/CBM 007/1/2-1/2 (44)}) 10.
Rd1 Rb8 $146 {A novelty, but a very slow move!} ({Another solid option does
not guarantee full equality either:} 10... Qe7 11. e3 Rb8 12. a4 ({It was
possible not to fight against Black's counterplay, but to prepare his own:} 12.
Bb2 b5 13. dxe5 Nxe5 14. Nxe5 dxe5 15. cxb5 axb5 16. Nd5 Nxd5 17. Rxd5 Bf5 18.
e4 c6 19. Rd3 Be6 20. Rc3 Bd7 21. Bc1 Red8 22. Be3 Be8 23. a4 $1 {The passed
pawn will become extremely dangerous.} bxa4 24. bxa4 Qb4 25. a5 Ra8 26. Bc5 Qb7
{Bruno,F (2428)-Ziegler,A (2335)/Porto Mannu 2007/CBM 118 ext/1-0 (38)}) 12...
c5 13. Ba3 (13. a5 {fixing the structure on the queen's flank would give White
a small, but simple advantage.}) 13... b6 14. dxe5 Nxe5 15. Nxe5 Qxe5 16. Bb2 {
So, what was the point of the excursion to a3? But White's structure is so
magnificent, that he still keeps some advantage!} Bg4 (16... Qe7 17. Qe2 Rd8
18. Nd5 Nxd5 19. Bxd5 Bg4 20. Qxg4 Bxb2 21. Ra2 Bg7 22. h4 {with a clear
advantage with opposite coloured bishops.}) 17. Rd2 Qe6 18. Nd5 Nxd5 19. Bxd5
Qe7 20. Bxg7 Kxg7 21. Re1 Qf6 22. Kg2 Re5 23. h3 Bf5 24. Qb2 g5 25. f4 $16 {
Danner,L (2173)-Solonar,S (2345)/Griesheim 2000/EXT 2001/1/2-1/2 (52)}) 11. e4
(11. e3 {was possible as in previous examples.}) 11... exd4 {As always in such
cases - it's a matter of taste for King's Indian specialists. Modern players
prefer to delay this as long as possible.} ({After} 11... b5 12. c5 (12. cxb5 {
was not so logical:} axb5 13. a4 bxa4 14. bxa4 Ba6 {and the passed pawn is
blocked.}) 12... Bb7 13. dxe5 Nxe5 14. Nxe5 Rxe5 15. cxd6 cxd6 16. Bf4 Re6 17.
Rac1 {White keeps a slight advantage, but Black has some pressure on e4.}) 12.
Nxd4 Qe7 $6 ({Much sharper would be another typical plan:} 12... c5 13. Nde2 b5
14. Bf4 Ne5 15. Bxe5 $1 Rxe5 16. f4 Re7 17. e5 Bf5 18. Qd2 Ne8 {with a
completely unclear situation.}) 13. Nd5 $5 ({Possible was simple development:} 
13. Bf4 Ne5 14. Rac1 c5 15. Nde2 b5 16. cxb5 axb5 {, but here Black's
counterplay is quite serious.}) 13... Nxd5 14. cxd5 Nc5 ({It is much stronger
than} 14... Nf6 15. Bb2 {which led to the creation of a very unpleasant
weakness on c7.}) 15. Bb2 Bd7 ({Another option was to strenghten the blocking
position of the knight on c5:} 15... a5) 16. Rac1 Rbc8 17. Re1 {Sooner or
later it will be necessary to increase the level of defence of the e4-pawn.} a5
18. Qd2 {If Black does nothing, then White plans simply a3 and b4, fighting
against the strongest piece in the position - the knight c5.} c6 19. dxc6 bxc6
20. e5 $1 (20. Ba3 {promised an advantage too, but moves such as in the game
are played with joy by the players!}) 20... dxe5 ({Avoiding the exchange of
pawns by} 20... d5 21. f4 Nb7 22. Nc2 {guaranteed White a huge advantage in
the centre.}) 21. Nf3 e4 ({Or} 21... Ne6 22. Nxe5 {with a very passive
position.}) 22. Bxg7 Kxg7 23. Ng5 f5 $2 {Losing immediately, but even after
the best continuation Black would have to defend .} (23... h6 24. Nxe4 Nxe4 25.
Rxe4 Qg5 26. Qd4+ Kg8 27. Rc5 {with a clear advantage for White.}) 24. Qd4+ Qf6
25. Qxc5 $1 Qxg5 26. Qd4+ {Chess is a game of double attacks - David Bronstein.
} 1-0

[Event "Bazna Kings 4th"]
[Site "Medias"]
[Date "2010.06.22"]
[Round "8"]
[White "Wang, Yue"]
[Black "Nisipeanu, Liviu Dieter"]
[Result "0-1"]
[WhiteElo "2752"]
[BlackElo "2672"]
[Annotator "Rogozenco,D"]
[PlyCount "132"]
[EventDate "2010.06.14"]
[EventType "tourn"]
[EventRounds "10"]
[EventCountry "ROU"]
[EventCategory "20"]
[SourceTitle "CBM 137"]
[Source "ChessBase"]
[SourceDate "2010.07.15"]
[SourceVersion "1"]
[SourceVersionDate "2010.07.15"]
[SourceQuality "1"]

1. d4 Nf6 2. c4 g6 3. g3 Bg7 4. Bg2 O-O 5. Nc3 d6 6. Nf3 Nbd7 7. O-O e5 8. b3
Re8 9. d5 {Closing the center in this situation looks unusual. And indeed this
is a very rare continuation.} Nc5 {Already a new position, never met in
practice before.} ({After} 9... a5 10. e4 Nc5 11. Ne1 {White can slowly
prepare b4 or f4.}) 10. b4 Nce4 11. Nxe4 Nxe4 12. Bb2 a5 13. a3 Bd7 14. Nd2
Nxd2 15. Qxd2 axb4 16. axb4 Qe7 17. e3 f5 18. Rfc1 e4 $1 {Black must do
something, otherwise White plays c4-c5 with advantage. Nisipeanu's idea is to
open the long diagonal in order to exchange queens later on.} 19. Bf1 Bxb2 20.
Qxb2 Qg7 21. Qb1 Rxa1 22. Qxa1 Qxa1 23. Rxa1 Kf8 24. Ra7 Rb8 {The endgame is
equal, but Wang Yue makes a mistake.} 25. f3 $6 {The start of problems for
White.} ({After} 25. b5 Ke7 26. Be2 Kf6 27. h4 Ke5 28. Kg2 {both sides have no
real ways to improve the position.}) 25... exf3 26. Kf2 c6 $1 {A very
important resource, using the fact that it is inconvenient for White here to
take on c6.} 27. Kxf3 (27. dxc6 Bxc6 {leaves the pawn on f3 alive.}) 27... cxd5
28. cxd5 Ke7 {Black has an easier game, since his plan is obvious - to come
with the king to e5.} 29. h4 h6 30. b5 Kf6 31. b6 Ke5 32. Bc4 g5 33. hxg5 hxg5
34. Ke2 Be8 35. Kf3 Bh5+ 36. Kf2 Bd1 37. Ke1 Bf3 38. Kd2 Bg2 (38... Bxd5 $4 39.
Ra5) 39. Bb3 Bf3 40. Bc4 Bg2 41. Bb3 Ke4 42. Ke2 (42. Bc2+ Kf3 43. Bxf5 Kxg3 {
looks dangerous for White due to the passed g-pawn. Nevertheless after} 44. Be6
g4 45. Ra4 Bf3 46. Rf4 {it is not so simple for Black to make progress.}) 42...
Bf3+ 43. Kf2 ({If} 43. Kd2 {then} Bg4 {protecting the pawn on f5 and preparing
Kf3.}) 43... g4 44. Ra4+ Kd3 45. Rd4+ Kc3 46. Bd1 Bxd1 47. Rxd1 {The endgame
is a draw, but Nisipeanu finds a way to make White's task as difficult as
possible.} Kc4 $1 {The king goes to c5.} 48. Rd4+ ({More precise is} 48. Ke2
Kc5 49. Rf1 Rf8 (49... Kxb6 50. Rxf5 Kc5 {is an extra tempo for White
comparing to the game.}) 50. Kd2 Kxd5 (50... Kxb6 51. e4 Kc5 52. Ke3 b5 53.
exf5 Kxd5 54. Kf4) 51. Rf4 Ke5 52. e4) 48... Kc5 49. Rf4 Kxb6 50. Rxf5 Kc5 51.
Ke2 b5 52. Kd2 Ra8 53. Rf4 $2 {Most likely this is the losing move.} ({After} 
53. Rg5 Ra4 54. Kd3 {White still should be able to draw without major problems.
}) 53... Ra4 $1 {Probably the Chinese GM missed this resource. Since the pawn
endgame is clearly lost for White, he must make a concession.} 54. e4 (54. Rf8
Kxd5 {also looks very unpleasant for White, but at least here the king is not
cut on the backrank.}) 54... Ra2+ $1 55. Kc1 ({After} 55. Kd3 Ra3+ {the
g3-pawn falls.}) 55... Kc4 $1 56. Rxg4 (56. e5+ {loses after} Kc3 57. Kb1 Re2
58. exd6 Re1+ 59. Ka2 b4 60. Rxb4 Kxb4 61. d7 Re2+ 62. Kb1 Kb3 63. Kc1 Kc3 64.
Kb1 Rb2+ 65. Ka1 Rb8) 56... Kc3 57. Kd1 Rd2+ $1 58. Ke1 b4 {Black is winning.}
59. Rg6 b3 60. Rxd6 b2 61. Rb6 ({After} 61. Rc6+ {Black wins with} Kd4 $1 ({
but not} 61... Kd3 62. Rb6 Rc2 63. d6 Rc1+ 64. Kf2 b1=Q 65. Rxb1 Rxb1 66. d7 {
and here it is White who wins!}) 62. Rb6 Rc2) 61... Rd4 62. Rxb2 Kxb2 63. Ke2
Kc3 64. Ke3 Rd1 65. g4 Rf1 $1 {The last precise move. It is important to keep
the white king away from the g-pawn.} 66. d6 Kc4 ({After} 66... Kc4 67. d7 {
the easiest is} Rf8 68. d8=Q Rxd8 69. Kf4 Kc5 70. Ke5 Rg8 71. Kf5 Kd6) 0-1